000
00266nam a2200109Ia 4500
008
190912s9999||||xx |||||||||||||| ||und||
100
_a
Jeff Rule
245
0
_a
Dynamic HTML the HTML Developer's Guide
260
_a
USA
_b
McGraw Hill
_c
2000
300
_a
265
942
_c
BK
999
_c
7459
_d
7459